SCIENTIFIC EXPOLORATION FOR GOD (Record no. 23406)

MARC details
000 -LEADER
fixed length control field 00302nam a22001337a 4500
003 - CONTROL NUMBER IDENTIFIER
control field SGT
020 ## - INTERNATIONAL STANDARD BOOK NUMBER
International Standard Book Number 99788189635510
082 ## - DEWEY DECIMAL CLASSIFICATION NUMBER
Classification number 294,SIN
100 ## - MAIN ENTRY--PERSONAL NAME
Personal name SINGH, T.D.
245 ## - TITLE STATEMENT
Title SCIENTIFIC EXPOLORATION FOR GOD
260 ## - PUBLICATION, DISTRIBUTION, ETC. (IMPRINT)
Place of publication, distribution, etc KOLKATA
Name of publisher, distributor, etc BHAKTIVEDANTA INSTITUTE
Year of Publication 2018
300 ## - PAGE DESCRIPTION
No. of Pages 66
942 ## - ADDED ENTRY ELEMENTS (KOHA)
Source of classification or shelving scheme Dewey Decimal Classification
Koha item type Books
Holdings
Withdrawn status Lost status Source of classification or shelving scheme Damaged status Not for loan Collection code Home library Current library Shelving location Date acquired Vendor Name Cost, normal purchase price SGTU Bill Number Total Checkouts Full call number Accession No. (Barcode) Date last seen Bill Date Koha item type Use restrictions
    Dewey Decimal Classification     ENGINEERING SGT Engineering Library SGT Engineering Library Text Book 20/10/2022 AHUJA BOOK COMPANY PVT LTD 150.00 SGTU 15056   294,SIN FE8548 20/10/2022 14/09/2022 Books  
    Dewey Decimal Classification   Not For Loan ENGINEERING SGT Engineering Library SGT Engineering Library Reference Book 20/10/2022 AHUJA BOOK COMPANY PVT LTD 150.00 SGTU 15056   294,SIN FE8549 20/10/2022 14/09/2022 Books Restricted Access